000 00582cab a2200241 4500
001 ABS60528
008 090401t1999 xxu||||| |||| 00| 0 eng d
035 _a(Sirsi) u93234
041 _aeng
100 _aGellman, L.
245 _aCCTV: is Big Brother watching you?
260 _c1999
350 _a0
490 _aProperty Week
_v64 (17) 30 April 1999, 44(1)
650 _aCCTV
650 _aCLOSE CIRCUIT TELEVISION
650 _aDATA PROTECTION ACT 1998
650 _aDATA PROTECTION
650 _aPRIVACY
690 _aLAW
942 _n0
948 _c10/05/1999
999 _c59095
_d59095